Wind generated ocean waves

I tiakina i:
Ngā taipitopito rārangi puna kōrero
Kaituhi matua: Young, Ian R (Author)
Hōputu: Pukapuka
Reo:Ingarihi
I whakaputaina: Amsterdam Elsevier 1999
Rangatū:Elsevier Ocean Engineering Book Series, 2
Ngā marau:
Ngā Tūtohu: Tāpirihia he Tūtohu
Kāore He Tūtohu, Me noho koe te mea tuatahi ki te tūtohu i tēnei pūkete!

MARC

LEADER 00000nam a2200000 a 4500
001 UCP6840
003 CL-VaPUC
008 991119e19990000NE |||||||||||||||||eng|d
082 0 4 |a 551.47  |b YOU  |2 21 
100 0 |a Young, Ian R  |e author  |9 436151 
245 1 0 |a Wind generated ocean waves 
300 |a 288 p 
942 |c BK 
945 |d 19991119 00:00:00  |a rbrito 
260 |a Amsterdam  |b Elsevier  |c 1999 
650 7 |a CIRCULACION OCEANICA  |2 CL-VaPUC  |9 261371 
650 0 |a Hidrodinámica   |9 261326 
650 7 |a OCEANOGRAFIA DINAMICA  |2 CL-VaPUC  |9 360566 
650 7 |a ONDAS MARINAS  |2 CL-VaPUC  |9 416750 
650 0 |a Viento  |9 360347 
583 |a last modification  |c 19991119 00:00:00  |k Rodrigo Vera 
490 0 |a Elsevier Ocean Engineering Book Series, 2 
999 |c 284267  |d 284265 
952 |0 0  |1 0  |2 ddc  |4 0  |6 551_470000000000000_YOU_1999  |7 0  |8 A  |9 328120  |a BIBCUR  |b BIBCUR  |d 2019-11-20  |i 3579115  |o 551.47 YOU 1999  |p 3579115  |r 2025-04-22  |w 2019-11-20  |y BK  |k CIM